Statistics for Animal Identify

Click here to take the quiz!

General Stats

  • This quiz has been taken 32 times
  • The average score is 8 of 10

Answer Stats

QuestionAnswer% Correct
This Is The animal That Some Humans Rely to Protect their home, They Are Also Known As Man's Best Friend.Dog/Dogs
100%
This Is The Largest Animal On Earth.Blue whale
96%
This is The fastest Land Animal on Earth.Cheetah
96%
What is A Lion child's Name Called?Cub
96%
This is The Tallest Animal On Earth.Giraffe
96%
It is A Intelligent Marine Animal That Can Even Identify itself Through Mirrors.Dolphin
93%
This Is The Largest Terrestrial Animal.Elephant
89%
This Is The Largest Reptile In The world,It is Very Aggresize Despite its Size and Teeth.Crocodile
74%
It is The fastest Marine Animal that Can speed Up to 70 MPHSailfish
44%
This is The most Venomous Animal On earth,It is Known For its Venomous Sting.Box JellyFish
33%

Score Distribution

Percentile by Number Answered

Percent of People with Each Score

Your Score History

You have not taken this quiz